000 00753nam a2200241Ia 4500
003 OSt
005 20220923220851.0
006 a|||||r|||| 00| 0
007 ta
008 220922b |||||||| |||| 00| 0 hin d
024 _a191,675
037 _cTextual
040 _aARTS
_cARTS
_bhin
041 _2hin
_ahin
082 _aV2y7NRA, 152L3-;1(MC-RSN)
100 _aरानाडे, मोहन
245 0 _aसरफरोशी की तमन्ना
246 _aSarafaroshī kī tahinnā
260 _aबम्बई
_b एम0 एम0 चेरियन
_c1973
300 _a323पृ.
_ccm.
942 _hV2y7NRA, 152L3-;1(MC-RSN)
_cTEXL
_2CC
999 _c344331
_d344331